[Event "Challenge"]
[Site "http://www.queenalice.com/game.php?id=1310823"]
[Date "2014.9.26"]
[Round "-"]
[White "heliosafo"]
[Black "santanacampos"]
[Result "1-0"]
[WhiteElo "1952"]
[BlackElo "1784"]

1. d4 Nc6 2. Nf3 e6 3. e3 Nf6 4. Bb5 Nb4 5. O-O a6 6. Bd3 Bd6 7. a3 Nxd3 8. Qxd3
b6 9. e4 Ng4 10. g3 Bb7 11. h3 Nxf2 12. Rxf2 Bxg3 13. Rg2 Bd6 14. Rxg7 Qf6 15.
Rg2 O-O-O 16. Bg5 Qg6 17. Bxd8 Qxe4 18. Qxe4 Bxe4 19. Nbd2 Bxc2 20. Bf6 Re8 21.
Rc1 Bf5 22. Ne5 Bxh3 23. Rg3 Bf5 24. Ndc4 Bxe5 25. Bxe5 d6 26. Nxd6+ Kd7 27.
Nxe8 Kxe8 28. Rxc7 Kf8 29. Bd6+ 1-0

[Event "OS INCLIVEIS"]
[Site "http://www.queenalice.com/game.php?id=1310824"]
[Date "2014.9.26"]
[Round "-"]
[White "adelio"]
[Black "heliosafo"]
[Result "1/2-1/2"]
[WhiteElo "1761"]
[BlackElo "1976"]

1. a3 d5 2. d4 Bf5 3. c4 Bxb1 4. Rxb1 e6 5. e3 c6 6. c5 Nf6 7. Be2 Be7 8. h4 h5
9. b4 g6 10. Rb2 b6 11. Nf3 O-O 12. Ng5 Nh7 13. e4 Nxg5 14. Bxg5 Bxg5 15. hxg5
Qxg5 16. g3 dxe4 17. Bxh5 gxh5 18. Rxh5 Qg6 19. Rb3 f5 20. Rh4 Kf7 21. Qh5 Qxh5
22. Rxh5 Ke8 23. Re3 bxc5 24. dxc5 Ke7 25. g4 Nd7 26. gxf5 exf5 27. f3 Rh8 28.
Rxf5 Kd8 29. fxe4 Kc7 30. e5 Rae8 31. Rf7 Kc8 32. e6 Nf8 33. Rxa7 Kb8 34. Rf7
Nxe6 35. Kd2 Nd8 36. Rff3 Rxe3 37. Rxe3 Nf7 38. Kc3 Nd8 39. Kb3 Rh7 40. Re8 Kc7
41. a4 Kd7 42. Re3 Kc8 43. a5 Ra7 44. Kc4 Nf7 45. Re6 Kd7 46. Re1 Nd8 47. Ra1
Nb7 48. Rh1 Kc8 49. Ra1 Nd8 50. b5 cxb5+ 51. Kxb5 Kc7 52. Rh1 Nb7 53. Rh7+ Kd8
54. a6 Nd6+ 55. cxd6 Rxh7 56. Kb6 Kc8 57. a7 Rxa7 58. Kxa7 Kd7 59. Kb7 1/2-1/2

[Event "OS INCLIVEIS"]
[Site "http://www.queenalice.com/game.php?id=1310826"]
[Date "2014.9.26"]
[Round "-"]
[White "heliosafo"]
[Black "adelio"]
[Result "1/2-1/2"]
[WhiteElo "1970"]
[BlackElo "1818"]

1. d4 d5 2. Bf4 c5 3. Bxb8 Rxb8 4. c3 c4 5. Qa4+ b5 6. Qc2 g6 7. e4 Nf6 8. e5
Bf5 9. Qe2 e6 10. exf6 Qxf6 11. f3 b4 12. Nd2 bxc3 13. bxc3 Qg5 14. Qe5 Rb1+ 15.
Rxb1 Bxb1 16. Qxh8 h5 17. Qe5 Qd8 18. Nxb1 Qb6 19. Nd2 Bd6 20. Qe3 a5 21. Be2 a4
22. Nh3 Qb8 23. g3 a3 24. O-O Bxg3 25. hxg3 Qxg3+ 26. Kh1 Qxh3+ 27. Kg1 Qg3+ 28.
Kh1 Qh3+ 29. Kg1 1/2-1/2

[Event "Challenge"]
[Site "http://www.queenalice.com/game.php?id=1312185"]
[Date "2014.10.2"]
[Round "-"]
[White "santanacampos"]
[Black "heliosafo"]
[Result "0-1"]
[WhiteElo "1766"]
[BlackElo "1962"]

1. d4 d5 2. Nc3 e6 3. Nf3 Bb4 4. Bd2 Bxc3 5. Bxc3 Ne7 6. e3 O-O 7. Bd3 Nbc6 8.
Ng5 g6 9. a3 Nf5 10. Bxf5 Qxg5 11. Bh3 b5 12. O-O e5 13. Bxc8 Raxc8 14. Qe2 e4
15. Qxb5 Qf6 16. Qxd5 Rfe8 17. Qc5 Nb8 18. Qxa7 Nd7 19. d5 Qe7 20. Qd4 f6 21.
Bb4 Qd8 22. a4 c5 23. Bxc5 Nxc5 24. d6 Re6 25. b4 Rxd6 26. Qc4+ Ne6 27. Qxe4 Ng5
28. Qg4 Rxc2 29. a5 Qc8 30. Qxc8+ Rxc8 31. a6 Ra8 32. b5 Rb6 33. Rfb1 Ne4 34.
Ra3 Nd6 35. g3 Rxb5 36. Rxb5 Nxb5 37. Ra5 Na7 38. Kg2 Kf7 39. Rc5 Ke6 40. Rc7
Kd6 41. Rxh7 g5 42. Rh6 Ke6 43. f4 gxf4 44. gxf4 Nc6 45. e4 Rxa6 46. e5 Nxe5 47.
fxe5 Kxe5 48. h4 Kf5 49. Rh5+ Kg4 50. Rh8 Ra5 51. Rh6 f5 52. Rh8 Ra2+ 53. Kf1 f4
54. h5 Kf3 55. h6 Ra1# 0-1

[Event "Challenge"]
[Site "http://www.queenalice.com/game.php?id=1313379"]
[Date "2014.10.7"]
[Round "-"]
[White "heliosafo"]
[Black "santanacampos"]
[Result "1-0"]
[WhiteElo "1970"]
[BlackElo "1723"]

1. e4 e5 2. Bc4 Nf6 3. d3 Bc5 4. Bg5 O-O 5. Qf3 Be7 6. Bxf6 Bxf6 7. Nh3 d6 8.
O-O Nc6 9. c3 a6 10. a4 Ne7 11. Qh5 Ng6 12. g3 Bd7 13. Nd2 Qc8 14. Ng5 Bxg5 15.
Qxg5 c6 16. Nf3 d5 17. exd5 Bg4 18. Nxe5 Nxe5 19. Qxe5 cxd5 20. Bxd5 Rd8 21. Be4
Be2 22. Rfe1 Bxd3 23. Bxd3 Rxd3 24. Red1 Qd7 25. Rxd3 Qxd3 26. Re1 Qd7 27. b3 h6
28. h4 Kh7 29. c4 Qd3 30. Qe4+ Qxe4 31. Rxe4 Rd8 32. Re7 b5 33. cxb5 axb5 34.
axb5 f6 35. b6 Rb8 36. b7 Kg6 37. g4 f5 38. gxf5+ Kf6 39. Rc7 Kxf5 40. Rxg7 Kf6
41. Rc7 Kf5 42. f3 Kf4 43. Kg2 h5 44. b4 Rg8+ 45. Kf2 Rb8 46. b5 Ke5 47. Rh7 Kd5
48. Rxh5+ Kd6 49. Rh7 Kc5 50. h5 Kxb5 51. h6 Kc6 52. Rg7 Rh8 53. h7 Kb6 54. Rg8
Rxh7 55. b8=Q+ Kc5 56. Qe5+ Kb6 57. Rg6+ Kb7 58. Qb5+ Kc7 59. Rc6+ Kd8 60. Qb8+
1-0

[Event "OS INCLIVEIS"]
[Site "http://www.queenalice.com/game.php?id=1314244"]
[Date "2014.10.10"]
[Round "-"]
[White "heliosafo"]
[Black "adelio"]
[Result "1-0"]
[WhiteElo "1967"]
[BlackElo "1770"]

1. e4 g6 2. e5 d5 3. d4 c5 4. c3 c4 5. h3 b5 6. Nf3 h6 7. Be2 a6 8. O-O Ra7 9.
b3 f6 10. exf6 Nxf6 11. bxc4 Ne4 12. cxb5 axb5 13. Bxb5+ Bd7 14. Bxd7+ Nxd7 15.
Qc2 Ndf6 16. Nbd2 Qd6 17. Nxe4 dxe4 18. Nd2 Bg7 19. Nxe4 Qc6 20. Nxf6+ Qxf6 21.
Rb1 O-O 22. Be3 e6 23. d5 Raf7 24. Rb6 Qxc3 25. Qxc3 Bxc3 26. dxe6 Re7 27. Bc5
Rfe8 28. Bxe7 Rxe7 29. Rc1 Bg7 30. Rd1 Rc7 31. Rbd6 h5 32. Rd7 Rc2 33. e7 Re2
34. Kf1 Re6 35. Re1 Rxe7 36. Rexe7 Bf8 37. Re8 h4 38. Rdd8 Kf7 39. Rxf8+ Kg7 40.
Rfe8 Kf6 41. a4 g5 42. a5 Kf5 43. a6 g4 44. hxg4+ Kxg4 45. a7 h3 46. gxh3+ Kxh3
47. Re4 Kh2 48. Rh8# 1-0

[Event "Challenge"]
[Site "http://www.queenalice.com/game.php?id=1315202"]
[Date "2014.10.13"]
[Round "-"]
[White "heliosafo"]
[Black "sidneyjmg"]
[Result "0-1"]
[WhiteElo "1989"]
[BlackElo "2502"]

1. e4 e6 2. e5 d6 3. exd6 Bxd6 4. Bd3 Nf6 5. Nf3 O-O 6. O-O c5 7. Nc3 Nc6 8. Ne4
Nxe4 9. Bxe4 Nd4 10. Nxd4 cxd4 11. Qf3 Qc7 12. g3 f5 13. Bd3 e5 14. Qe2 Be6 15.
c3 Rae8 16. Qh5 e4 17. Bc2 d3 18. Bb3 Qb6 19. Ba4 Re7 20. Qd1 f4 21. Kh1 fxg3
22. hxg3 Rxf2 23. Rxf2 Qxf2 24. Qg1 e3 25. Bb3 Qxg1+ 26. Kxg1 e2 27. Kf2 Bxb3
28. axb3 e1=Q+ 29. Kg2 Qxg3+ 30. Kf1 Re1# 0-1

[Event "Challenge"]
[Site "http://www.queenalice.com/game.php?id=1315213"]
[Date "2014.10.13"]
[Round "-"]
[White "heliosafo"]
[Black "santanacampos"]
[Result "1-0"]
[WhiteElo "1975"]
[BlackElo "1726"]

1. e4 e5 2. Qh5 Nf6 3. Qf3 Bd6 4. Bc4 b6 5. Bd5 c6 6. Bc4 Ba6 7. Bxa6 Nxa6 8. a3
O-O 9. Qe2 b5 10. Nf3 Nc5 11. d3 Ne6 12. O-O Re8 13. c4 Qb8 14. b4 Nd4 15. Nxd4
exd4 16. g3 bxc4 17. Nd2 c3 18. Nc4 Bc7 19. f3 Nh5 20. f4 d5 21. Qxh5 dxc4 22.
Qd1 cxd3 23. Qxd3 Bb6 24. f5 c2 25. Ra2 Qe5 26. Rxc2 Qxe4 27. Rd2 Qe3+ 28. Qxe3
dxe3 29. Re2 f6 30. Rf3 Rad8 31. Bxe3 Bxe3+ 32. Rfxe3 Rd1+ 33. Kf2 Rxe3 34. Rxe3
Rd2+ 35. Kg1 Kf7 36. g4 Rd5 37. Kg2 c5 38. bxc5 Rxc5 39. Kf3 a5 40. h4 a4 41. h5
h6 42. Rd3 Rc7 43. Ke4 Rc4+ 44. Rd4 Rc1 45. Rxa4 Re1+ 46. Kf3 Rh1 47. Ra7+ Kf8
48. a4 Ra1 49. a5 Ke8 50. Rxg7 Rxa5 51. Rh7 Ra3+ 52. Kf4 Ra4+ 53. Kg3 Kf8 54.
Rxh6 Kg7 55. Rg6+ Kf7 56. h6 Ra8 57. Kh4 Rg8 58. Rxg8 Kxg8 59. Kh5 Kh7 60. g5
fxg5 61. Kxg5 Kg8 62. Kg6 Kh8 63. f6 Kg8 64. f7+ Kf8 65. h7 Ke7 66. h8=Q Ke6 67.
f8=Q Kd5 68. Qd8+ Kc4 69. Qhd4+ 1-0

[Event "Jogo 1 Aposta 2014"]
[Site "http://www.queenalice.com/game.php?id=1316060"]
[Date "2014.10.17"]
[Round "-"]
[White "heliosafo"]
[Black "santanacampos"]
[Result "1-0"]
[WhiteElo "1987"]
[BlackElo "1713"]

1. e4 e6 2. Bc4 c6 3. Nf3 Be7 4. O-O Nf6 5. d3 Qc7 6. g3 b5 7. Bb3 Na6 8. c4 Bb7
9. cxb5 cxb5 10. Nc3 Qb6 11. Be3 Nc5 12. Bc2 Ng4 13. Qe1 O-O 14. b4 Nxe3 15.
Qxe3 Na6 16. Qxb6 axb6 17. a3 Bf6 18. d4 Rac8 19. e5 Be7 20. Rac1 Bxf3 21. Nxb5
Bg5 22. Nd6 Bxc1 23. Nxc8 Bxa3 24. Nxb6 Nxb4 25. Ba4 Nd3 26. Nxd7 Rd8 27. Rb1
Bb2 28. Bb5 Rc8 29. Bxd3 Bxd4 30. h4 g6 31. Ba6 Ra8 32. Bf1 Bc6 33. Rd1 Bb2 34.
Bg2 Bxg2 35. Kxg2 Ra5 36. f4 Ra2 37. Kh3 Ba3 38. Nf6+ Kg7 39. Rd8 Bf8 40. h5
gxh5 41. Nxh5+ Kg6 42. Rxf8 Kxh5 43. Rxf7 Kg6 44. Rf6+ Kg7 45. Rxe6 Ra7 46. f5
Kf7 47. Rf6+ Kg7 48. g4 Re7 49. Re6 Rxe6 50. fxe6 Kf8 51. g5 Ke7 52. Kg4 Kxe6
53. Kf4 Kf7 54. Kf5 Ke7 55. e6 Kf8 56. Kf6 Ke8 57. e7 h5 58. gxh6 Kd7 59. Kf7
Kd6 60. e8=Q 1-0

[Event "Jogo 2 Aposta 2014"]
[Site "http://www.queenalice.com/game.php?id=1316061"]
[Date "2014.10.17"]
[Round "-"]
[White "santanacampos"]
[Black "heliosafo"]
[Result "0-1"]
[WhiteElo "1708"]
[BlackElo "1992"]

1. Nf3 d6 2. e3 Bg4 3. Bc4 d5 4. Bb3 c6 5. d4 Nf6 6. Nbd2 e6 7. c3 Bd6 8. O-O
O-O 9. Bc2 Qc7 10. g3 Bxf3 11. Nxf3 h6 12. Qd3 g6 13. Nh4 Ne4 14. Qe2 g5 15.
Bxe4 dxe4 16. Qg4 f5 17. Nxf5 exf5 18. Qh3 Kh7 19. b4 b5 20. f3 Qc8 21. fxe4
fxe4 22. Rf7+ Kg8 23. Qxc8 Rxc8 24. Rf6 Bf8 25. Re6 Nd7 26. Rxe4 Nb6 27. Re6 Nd5
28. Bd2 a5 29. e4 Ne7 30. bxa5 Rxa5 31. c4 Ra4 32. cxb5 Rxd4 33. Bc3 Rc4 34. Bf6
Kf7 35. Rd6 cxb5 36. Rf1 Ke8 37. e5 Rc1 38. e6 Rxf1+ 39. Kxf1 Ng8 40. e7 Nxe7
41. Bxe7 Kxe7 42. Rb6 Rc1+ 43. Kg2 Rc2+ 44. Kh3 Rxa2 45. Rxb5 Ra4 46. Re5+ Kf6
47. Re2 Ra5 48. Rf2+ Rf5 49. Rc2 h5 50. Rc6+ Kf7 51. g4 Rf3+ 52. Kg2 hxg4 53.
Rc4 Rf4 54. Rc7+ Be7 55. Rc1 Kg6 56. Re1 Bf6 57. Kg3 Kh5 58. Re8 Ra4 59. Rf8
Be5+ 60. Kg2 Ra2+ 61. Rf2 Rxf2+ 62. Kxf2 Bxh2 63. Kg2 Bf4 64. Kf2 g3+ 65. Kg2 g4
66. Kg1 Kh4 67. Kg2 Bd6 68. Kg1 Kh3 69. Kh1 g2+ 70. Kg1 Bc5# 0-1

[Event "Jogo 3 Aposta 2014"]
[Site "http://www.queenalice.com/game.php?id=1316062"]
[Date "2014.10.17"]
[Round "-"]
[White "heliosafo"]
[Black "santanacampos"]
[Result "1-0"]
[WhiteElo "1981"]
[BlackElo "1720"]

1. e4 e5 2. Bc4 Nf6 3. d3 Bb4+ 4. c3 Bc5 5. Nf3 Ng4 6. h3 Nxf2 7. Qe2 Nxh1 8.
Nxe5 Qh4+ 9. Kd1 O-O 10. Bxf7+ Kh8 11. Bg6 hxg6 12. Nxg6+ Kg8 13. Nxh4 Rf2 14.
Qh5 Rf1+ 15. Kc2 Rf2+ 16. Nd2 d6 17. Ng6 Rxg2 18. Ne7+ Kf8 19. Qf3+ Kxe7 20.
Qxg2 Nf2 21. Qxg7+ Ke6 22. Qxc7 Na6 23. Qh7 b5 24. d4 Bb6 25. Qf5+ Ke7 26. Qxf2
b4 27. Nc4 bxc3 28. bxc3 Be6 29. Nxb6 axb6 30. Bg5+ Kd7 31. e5 dxe5 32. dxe5 Rc8
33. Qxb6 Bf5+ 34. Kd2 Nc5 35. Ke1 Nd3+ 36. Kd2 Nxe5 37. Qd4+ Ke6 38. Re1 Rc4 39.
Qxe5+ Kd7 40. Qd5+ Kc7 41. Qxc4+ Kd6 42. Qf4+ 1-0

[Event "Challenge"]
[Site "http://www.queenalice.com/game.php?id=1320303"]
[Date "2014.11.4"]
[Round "-"]
[White "heliosafo"]
[Black "sidneyjmg"]
[Result "0-1"]
[WhiteElo "1997"]
[BlackElo "2505"]

1. e4 e5 2. Nf3 Nc6 3. Bb5 Nf6 4. Bxc6 dxc6 5. d3 Bd6 6. h3 Be6 7. c4 O-O 8. Bg5
h6 9. Bxf6 Qxf6 10. Nbd2 Qg6 11. g4 a5 12. Qc2 b6 13. O-O-O Qf6 14. a3 Rfd8 15.
Rhf1 Re8 16. Kb1 Bc5 17. Qc3 Bc8 18. Rde1 h5 19. g5 Qf4 20. d4 exd4 21. Nxd4
Bxd4 22. Qxd4 Bxh3 23. Rh1 Bg2 24. Rhg1 Rad8 25. Qe3 Bxe4+ 26. Nxe4 Rxe4 27.
Qxe4 Rd1+ 28. Ka2 Qxe4 29. Rxe4 Rxg1 30. Rh4 g6 31. f4 Rg4 32. Rh2 Rxf4 33. b3
Rg4 34. Rd2 Rxg5 35. Rd7 Rg2+ 36. Kb1 h4 37. Rxc7 h3 0-1

[Event "UFC"]
[Site "http://www.queenalice.com/game.php?id=1352900"]
[Date "2015.4.11"]
[Round "-"]
[White "santanacampos"]
[Black "heliosafo"]
[Result "1-0"]
[WhiteElo "1634"]
[BlackElo "1995"]

1. e4 e5 2. f4 exf4 3. Nf3 d6 4. Nc3 Be6 5. e5 dxe5 6. Qe2 f6 7. d4 Nc6 8. dxe5
fxe5 9. Nxe5 Qh4+ 10. Kd1 Nd4 11. Qe4 1-0

[Event "UFC 2"]
[Site "http://www.queenalice.com/game.php?id=1352901"]
[Date "2015.4.11"]
[Round "-"]
[White "heliosafo"]
[Black "santanacampos"]
[Result "0-1"]
[WhiteElo "1965"]
[BlackElo "1664"]

1. e4 e5 2. d3 Nf6 3. Bg5 d6 4. h3 g6 5. Qf3 Bg7 6. Nc3 O-O 7. Nd5 Nbd7 8. Nxf6+
Bxf6 9. Bxf6 Qxf6 10. Qxf6 Nxf6 11. Nf3 b6 0-1

[Event "Challenge"]
[Site "http://www.queenalice.com/game.php?id=1359980"]
[Date "2015.5.17"]
[Round "-"]
[White "Magogue"]
[Black "heliosafo"]
[Result "0-1"]
[WhiteElo "1358"]
[BlackElo "1939"]

1. e4 e5 2. f4 exf4 3. Bc4 Qh4+ 4. Kf1 Nf6 5. Nf3 Qh5 6. Nc3 Bc5 7. d4 Bb6 8.
Bxf4 O-O 9. Be2 Qa5 10. a3 d6 11. b4 Qh5 12. Ng5 Bg4 13. Nf3 Re8 14. e5 dxe5 15.
dxe5 Nfd7 16. a4 a5 17. b5 Bxf3 18. Bxf3 Qf5 19. Qd2 Nxe5 20. Bxe5 Qxe5 0-1

[Event "Challenge"]
[Site "http://www.queenalice.com/game.php?id=1359981"]
[Date "2015.5.17"]
[Round "-"]
[White "heliosafo"]
[Black "Magogue"]
[Result "1-0"]
[WhiteElo "1937"]
[BlackElo "1488"]

1. e4 e5 2. d3 Nf6 3. Nf3 Nc6 4. Be2 d6 5. h3 h6 6. O-O Be7 7. Nc3 O-O 8. b3 Re8
9. Nd5 Be6 10. Nxe7+ Qxe7 11. Nd2 Qd7 12. Kh2 Bxh3 13. gxh3 Nd4 14. c3 Nxe2 15.
Qxe2 Nh7 16. Nc4 1-0

[Event "UFC"]
[Site "http://www.queenalice.com/game.php?id=1384500"]
[Date "2015.9.21"]
[Round "-"]
[White "santanacampos"]
[Black "heliosafo"]
[Result "1-0"]
[WhiteElo "1873"]
[BlackElo "1955"]

1. e4 e5 2. Nf3 d6 3. d4 Bg4 4. Bc4 Nf6 5. O-O Nxe4 6. dxe5 Bxf3 7. Bxf7+ Kxf7
8. Qxf3+ Nf6 9. exf6 gxf6 10. Qd5+ Kg7 11. Qxb7 Nd7 12. Be3 Rb8 13. Qxa7 Rxb2
14. c3 c5 15. Nd2 Kg8 16. a4 d5 17. Qa6 Rb6 18. Qd3 Ne5 19. Qc2 d4 20. a5 Ra6
21. Qb3+ Kg7 22. Qb7+ Kg6 23. Qxa6 dxe3 24. fxe3 Ng4 25. Ne4 Be7 26. Qe6 h5 27.
a6 Qb8 28. g3 Qe5 29. Qxe5 fxe5 30. a7 Ra8 31. Rfb1 Nxe3 32. Rb8 Rxa7 33. Rxa7
Kf7 34. Nxc5 Ng4 35. Ne4 Ke6 36. c4 Nf6 37. Nxf6 Kxf6 38. Ra6+ Kf5 39. Rb7 Bg5
40. c5 Be3+ 41. Kg2 Bxc5 42. Rf7+ Ke4 43. Rh7 Kd4 44. Rxh5 Ke4 45. g4 Kf4 46. h3
Ke4 47. g5 Bf8 48. Ra4+ Kf5 49. Rg4 Ke6 50. g6 Bg7 51. Rh7 Kf6 52. Rxg7 Kxg7 53.
h4 Kh6 54. g7 1-0

[Event "Challenge"]
[Site "http://www.queenalice.com/game.php?id=1385987"]
[Date "2015.9.28"]
[Round "-"]
[White "ORNELAS"]
[Black "heliosafo"]
[Result "0-1"]
[WhiteElo "1719"]
[BlackElo "1936"]

1. Nf3 d6 2. d4 d5 3. c3 Bf5 4. Nbd2 e6 5. Ne5 Bd6 6. Ndf3 Bxe5 7. Nxe5 Nf6 8.
Qa4+ c6 9. Bg5 O-O 10. e3 b5 11. Qb3 a5 12. g3 h6 13. Bxf6 Qxf6 14. Bg2 Qe7 15.
O-O a4 16. Qd1 f6 17. Nf3 Bg4 18. b4 Bxf3 19. Bxf3 a3 20. Bh5 e5 21. dxe5 Qxe5
22. Qd3 Qxh5 23. Kg2 Nd7 24. Rac1 Ne5 25. Qd4 Qf3+ 26. Kg1 Qe2 27. Kg2 Qxa2 28.
Ra1 Qe2 29. Rfe1 Qf3+ 30. Kg1 Ng4 31. Rf1 Rfe8 32. Ra2 Ne5 33. Qd2 Qh5 34. Rd1
Nf3+ 35. Kg2 Nxd2 36. Rdxd2 Re4 37. Rd4 Rxd4 38. cxd4 Qd1 39. h4 Qb3 40. Ra1 a2
41. Rc1 a1=Q 42. Rxa1 Rxa1 43. h5 Qxb4 44. g4 Qe1 45. Kf3 Ra2 46. Kf4 Qxf2# 0-1

[Event "Revenge"]
[Site "http://www.queenalice.com/game.php?id=1387832"]
[Date "2015.10.7"]
[Round "-"]
[White "heliosafo"]
[Black "santanacampos"]
[Result "1-0"]
[WhiteElo "1941"]
[BlackElo "1887"]

1. e4 e5 2. Bc4 Nc6 3. Nf3 Nf6 4. d3 Bc5 5. O-O d5 6. exd5 Nxd5 7. Bxd5 Qxd5 8.
h3 b6 9. Nc3 Qd6 10. Re1 Bb7 11. a3 Qf6 12. Nd5 Qd6 13. c4 Nd4 14. Nxe5 O-O 15.
b4 Bxd5 16. cxd5 Qxd5 17. bxc5 Rae8 18. Bf4 Nf5 19. cxb6 cxb6 20. g3 Nd4 21. Rb1
f6 22. Be3 fxe5 23. Bxd4 Qxd4 24. Rf1 Qd7 25. Kh2 Rf6 26. Rb4 Rh6 27. Rh4 Rxh4
28. gxh4 Qd6 29. Qa4 e4+ 30. Kh1 exd3 31. Qxe8+ 1-0

[Event "Challenge"]
[Site "http://www.queenalice.com/game.php?id=1391393"]
[Date "2015.10.29"]
[Round "-"]
[White "heliosafo"]
[Black "santanacampos"]
[Result "1-0"]
[WhiteElo "1943"]
[BlackElo "1882"]

1. e4 e5 2. Bc4 Nf6 3. d3 c6 4. Bg5 Bc5 5. Nf3 d6 6. O-O Bg4 7. h3 Bxf3 8. Qxf3
Bd4 9. Bxf6 Qxf6 10. Qxf6 gxf6 11. c3 Bb6 12. Nd2 c5 13. Bd5 Nc6 14. Bxc6+ bxc6
15. Nc4 Bc7 16. a4 d5 17. exd5 cxd5 18. Ne3 Rb8 19. Nxd5 Bd8 20. b4 cxb4 21.
cxb4 f5 22. b5 h5 23. Rfe1 O-O 24. Rxe5 f4 25. Rxh5 f3 26. gxf3 Rc8 27. Re1 Rc5
28. Nf6+ Bxf6 29. Rxc5 Rd8 30. Re4 Rxd3 31. Rg4+ Kf8 32. Rf4 Be7 33. Rcf5 f6 34.
a5 Rd1+ 35. Kg2 Bd8 36. a6 Kf7 37. Rh5 Kg6 38. Rh8 Bc7 39. Rg4+ Kf5 40. Rh5+ Ke6
41. Re4+ Kd6 42. Rh6 Bd8 43. Re8 Kc5 44. Rh5+ Kb6 45. Re6+ Ka5 46. Rf5 Rb1 47.
h4 Rb4 48. Re4 Rxb5 49. Rxb5+ Kxb5 50. Re6 f5 51. h5 Ba5 52. Re5+ Kxa6 53. Rxa5+
Kxa5 54. h6 1-0

[Event "Challenge"]
[Site "http://www.queenalice.com/game.php?id=1393815"]
[Date "2015.11.12"]
[Round "-"]
[White "heliosafo"]
[Black "santanacampos"]
[Result "0-1"]
[WhiteElo "1957"]
[BlackElo "1916"]

1. e4 e5 2. Bc4 d6 3. h3 g6 4. Nf3 Bg7 5. Ng5 Nh6 6. Nf3 O-O 7. d3 Nd7 8. Bxh6
Bxh6 9. Nc3 Qe7 10. Nd5 Qd8 11. a4 c6 12. Nc3 Qb6 13. Qb1 Nf6 14. b4 Nh5 15. b5
Nf4 16. O-O Bd7 17. bxc6 Qxc6 18. Nd5 Nxd5 19. Bxd5 Qc7 20. Qxb7 Rac8 21. Qxc7
Rxc7 22. Bb3 a5 23. d4 exd4 24. Nxd4 Bg7 25. Rad1 Re8 26. f3 h5 27. Nb5 Bxb5 28.
axb5 Rb7 29. Ba4 Rd8 30. c4 Rc7 31. Rc1 Bd4+ 32. Kh1 Kg7 33. Rfd1 Be5 34. g4
hxg4 35. hxg4 Bf4 36. Rc2 Rh8+ 37. Kg1 Rh3 38. Rd3 Rg3+ 39. Kf2 Rh3 40. b6 Rb7
41. Kg2 Rg3+ 42. Kf1 Rxb6 43. Rc1 Bxc1 44. Bd1 Bf4 45. Bb3 Rh3 46. Ke1 Rh1+ 47.
Ke2 Rb1 48. Bc2 R6b2 0-1

[Event "Challenge"]
[Site "http://www.queenalice.com/game.php?id=1395884"]
[Date "2015.11.25"]
[Round "-"]
[White "heliosafo"]
[Black "santanacampos"]
[Result "1-0"]
[WhiteElo "1939"]
[BlackElo "1893"]

1. e4 e5 2. Bc4 Nc6 3. d3 a6 4. a3 Bc5 5. Qf3 Nf6 6. Bg5 Nd4 7. Qd1 b5 8. Bb3 d6
9. c3 Nc6 10. Qf3 h6 11. Bxf6 Qxf6 12. Qxf6 gxf6 13. h3 f5 14. Bd5 Bb7 15. exf5
O-O-O 16. Bxf7 Ne7 17. Be6+ Kb8 18. f3 h5 19. Nd2 Rh6 20. O-O-O Be3 21. Kb1 h4
22. Ne2 Bxd2 23. Rxd2 Rf8 24. d4 e4 25. Rf1 Nxf5 26. Bxf5 Rxf5 27. Ng1 exf3 28.
gxf3 Be4+ 29. Ka1 Bd5 30. b4 Re6 31. Kb2 Re3 32. Rdf2 Bc4 33. Rd1 Kb7 34. Rdd2
Rf4 35. Rd1 Re8 36. d5 Rf5 37. Rfd2 Rg5 38. f4 Rf5 39. Rd4 Rg8 40. Nf3 Be2 41.
Nxh4 Rh5 42. Re1 Bc4 43. f5 Rxh4 44. Rxh4 Rg2+ 45. Kc1 Ra2 46. f6 Bxd5 47. Rf4
Rxa3 48. Kd2 Ra2+ 49. Kd3 Rh2 50. Re3 Bf7 51. Rg3 Kc6 52. Rh4 Rf2 53. Rh6 Bc4+
54. Ke3 Re2+ 55. Kf4 Kd7 56. Rg7+ Kc6 57. Re7 Rf2+ 58. Kg3 Rf5 59. h4 Bd5 60.
Re3 Rf1 61. h5 Rg1+ 62. Kh4 Rf1 63. Kg5 Bb3 64. Rh8 Rg1+ 65. Kf5 Bc2+ 66. Ke6
Rf1 67. Ke7 Bb3 68. Rh7 Kb6 69. f7 Bxf7 70. Rxf7 Rh1 71. Rh7 c5 72. Kxd6 cxb4
73. cxb4 Rd1+ 74. Ke5 Rd8 75. Re7 Kc6 76. h6 Rd5+ 77. Kf6 Rd6+ 78. Kg7 Rd8 79.
h7 1-0